Hebrews / (Record no. 122002)
[ view plain ]
| 000 -LEADER | |
|---|---|
| fixed length control field | 00910cam a2200301 a 4500 |
| 001 - CONTROL NUMBER | |
| control field | 4517517 |
| 003 - CONTROL NUMBER IDENTIFIER | |
| control field | ARRUPE |
| 005 - DATE AND TIME OF LATEST TRANSACTION | |
| control field | 20150209173227.0 |
| 008 - FIXED-LENGTH DATA ELEMENTS--GENERAL INFORMATION | |
| fixed length control field | 971031s1997 tnu b 001 0 eng |
| 010 ## - LIBRARY OF CONGRESS CONTROL NUMBER | |
| LC control number | 97037867 |
| 020 ## - INTERNATIONAL STANDARD BOOK NUMBER | |
| International Standard Book Number | 0687057248 (pbk. : alk. paper) |
| 035 ## - SYSTEM CONTROL NUMBER | |
| System control number | (OCoLC)37552391 |
| 035 ## - SYSTEM CONTROL NUMBER | |
| System control number | (OCoLC)ocm37552391 |
| 035 ## - SYSTEM CONTROL NUMBER | |
| System control number | (NNC)4517517 |
| 040 ## - CATALOGING SOURCE | |
| Original cataloging agency | DLC |
| Transcribing agency | DLC |
| Modifying agency | NNUT |
| 050 ## - LIBRARY OF CONGRESS CALL NUMBER | |
| Classification number | BS2775.3 |
| Item number | P355 1997 |
| 090 ## - LOCALLY ASSIGNED LC-TYPE CALL NUMBER (OCLC); LOCAL CALL NUMBER (OCLC) | |
| Local cutter number (OCLC) ; Book number/undivided call number, CALL (RLIN) | . |
| 300 ## - PHYSICAL DESCRIPTION | |
| Dimensions | 23 cm |
| 100 1# - MAIN ENTRY--PERSONAL NAME | |
| Personal name | Pfitzner, V. C. |
| Fuller form of name | (Victor C.) |
| 9 (RLIN) | 14981 |
| 245 10 - TITLE STATEMENT | |
| Title | Hebrews / |
| Statement of responsibility, etc | Victor C. Pfitzner |
| 260 ## - PUBLICATION, DISTRIBUTION, ETC. (IMPRINT) | |
| Place of publication, distribution, etc | Nashville, TN : |
| Name of publisher, distributor, etc | Abingdon Press, |
| Date of publication, distribution, etc | c1997 |
| 300 ## - PHYSICAL DESCRIPTION | |
| Extent | 218 p. ; |
| 490 1# - SERIES STATEMENT | |
| Series statement | Abingdon New Testament commentaries |
| 504 ## - BIBLIOGRAPHY, ETC. NOTE | |
| Bibliography, etc | Includes bibliographical references (p. 209-214) and index |
| 630 00 - SUBJECT ADDED ENTRY--UNIFORM TITLE | |
| Uniform title | Bible. |
| Name of part/section of a work | Hebrews |
| Form subdivision | Commentaries. |
| 9 (RLIN) | 14982 |
| 830 #0 - SERIES ADDED ENTRY--UNIFORM TITLE | |
| Uniform title | Abingdon New Testament commentaries. |
| 9 (RLIN) | 14944 |
| 942 ## - ADDED ENTRY ELEMENTS (KOHA) | |
| Source of classification or shelving scheme | Library of Congress Classification |
| Koha item type | Monograph ( Printed materials) |
| Withdrawn status | Lost status | Source of classification or shelving scheme | Damaged status | Not for loan | Collection code | Home library | Current library | Shelving location | Date acquired | Total Checkouts | Full call number | Barcode | Date last seen | Price effective from | Koha item type |
|---|---|---|---|---|---|---|---|---|---|---|---|---|---|---|---|
| Library of Congress Classification | Main Collection | ARRUPE LIBRARY | ARRUPE LIBRARY | Main Collection | 09/02/2015 | BS2775.3 P355 1997 | 46500001083 | 01/08/2016 | 09/02/2015 | Monograph ( Printed materials) |